Statistics for Provinces of Bulgaria

Click here to take the quiz!

General Stats

  • This quiz has been taken 25 times
  • The average score is 12 of 28

Answer Stats

Region Answer % Correct
North-EastVarna
90%
South-WestSofia
85%
SouthPlovdiv
80%
North-WestVidin
65%
NorthSilistra
55%
North-WestPleven
55%
South-EastYambol
50%
South-WestPernik
50%
South-EastBourgas
50%
South-WestBlagoevgrad
50%
NorthGabrovo
45%
North-WestMontana
45%
NorthVeliko-Tarnovo
45%
South-EastStara Zagora
45%
North-WestVratsa
45%
SouthSmolyan
40%
NorthRousse
40%
NorthRazgrad
40%
South-EastSliven
35%
SouthPazardjik
30%
South-WestSofia-Grad
30%
SouthKhaskovo
30%
North-WestLovetch
25%
North-EastDobritch
25%
SouthKardjali
15%
North-EastChoumen
10%
North-EastTargovichte
10%
South-WestKyoustendil
5%

Score Distribution

Percentile by Number Answered

Percent of People with Each Score

Your Score History

You have not taken this quiz